Statistiques concernant Personnages harry potter de A à Z #1

Cliquez ici pour prendre le quiz!

Statistiques générales

  • Ce quiz a été pris 52 fois
  • Le résultat moyen est 5 sur 26

Statistiques - réponses

LettreGenreIndicePersonnage% Correct
AHommeIl est le frère cadet du directeur de Poudlard Albus D. Il est membre de l'Ordre du Phénix et est le barman de La Tête de SanglierAbelforth Dumbledore
90%
BAnimalIl est un centaure qui vit dans la Forêt interditeBane
50%
GFemmeElle est la petite sœur de FleurGabrielle Delacour
45%
NAnimalElle est une femme Maledictus. Plusieurs années plus tard, n'ayant plus son enveloppe humaine, elle accompagne Voldemort sous sa forme de serpent avec lequel elle communique en Fourchelang. C'est aussi un Horcruxe. Son venin est tel que les morsures qu'elle inflige ne peuvent se refermer, ses victimes se vident donc de leur sangNagini
40%
KFemmeElle est élève à Poudlard dans la maison Gryffondor. Elle est poursuiveuse de l'équipe de Quidditch de Gryffondor et membre de l'armée de Dumbledore. Elle est très amie avec Angelina Johnson et Alicia Spinnet. Elle manque de mourir après avoir touché le collier d'opale durant sa septième annéeKatie Bell
35%
LFemmeElle est le fantôme de la maison Serdaigle. Son histoire est étroitement liée à celle du Baron Sanglant. Elle fut la fille de Rowena Serdaigle, l'une des quatre fondateurs de Poudlard. Son véritable nom est Helena SerdaigleLa dame Grise
30%
DFemmeElle est entrée à Poudlard en même temps que Harry Potter, mais dans la maison Serpentard. Elle fait partie du gang de Pansy Parkinson. Elle est la sœur aînée de l'épouse de Drago MalefoyDaphné Greengrass
28%
FHommeIl est le frère de Molly Weasley. Lui et son frère étaient membres du premier Ordre du Phénix et étaient deux des plus grands sorciers de l'époque de la première guerre des sorciers. Il fallut cinq Mangemorts pour tuer les deux frères, incluant Antonin DolohovFabian Prewett
23%
PFemmeElle est, contrairement à sa sœur jumelle, une élève de Serdaigle. Elle accompagne Ron Weasley au bal de Noël à l'occasion du Tournoi des Trois Sorciers lors de sa quatrième année et tout comme sa sœur, elle est présentée comme étant particulièrement jolie. À sa cinquième année, elle devient préfète de sa maison et elle rejoint l'armée de Dumbledore pour apprendre des sortilèges de défense contre Lord Voldemort. Elle participe à la Bataille de Poudlard.Padma Patil
23%
SHommeIl est co-fondateur et professeur de Poudlard, l'école de sorcellerie, est un sorcier de Sang-Pur qui vécut durant l'époque médiévale. Il est connu comme étant l'un des quatre fondateurs de Poudlard et donna son nom à l'une des quatre maisons de l'écoleSalazar Serpentard
20%
HFemmeElle fait collection des cartes de Chocogrenouille et, selon les rumeurs, elle apprécie un peu trop l'Ogden's Old Firewhisky. Elle est dans la maison PoufsouffleHannah Abbot
18%
THommeIl est un sorcier né-moldu, mari d'Andromeda et père de Nymphadora. Considéré comme impur par la famille Black, leur mariage a provoqué l'effacement d'Andromeda de la tapisserie de la famille BlackTed Tonks
15%
MHommeIl est un dentiste Moldu tout comme son épouse. Un jour, il eu dix points de suture à cause d'un patient qui lui mordu le doigt. Durant la deuxième guerre des sorciers, pour les protéger des Mangemorts et pour protéger les secrets de Harry Potter, Hermione lance un sortilège sur lui et sa femme pour leur faire croire qu'ils s'appellent Wendell et Monica Wilkins, qu'ils n'ont pas d'enfant et qu'ils désirent vivre en AustralieM. Granger
13%
XHommeIl est le rédacteur en chef ainsi que l'éditeur du Chicaneur. C'est également le père de Luna. Il s'occupe seul de sa fille depuis la mort tragique de son épouse. La prise en otage de Luna le force à trahir Harry Potter bien qu'il soit un de ses défenseurs via le ChicaneurXenophilius Lovegood
13%
RHommeIl est l'un des fidèles Mangemorts de Voldemort. Il est l'un des Mangemorts qui a torturé Alice et Frank Londubat à l'aide du sortilège Doloris. Grâce à l'intervention des Détraqueurs, il s'est échappé de la prison d'Azkaban avec son frère Rodolphus et sa belle-sœur Bellatrix. Il participe à la Bataille du Département des mystères avec son frère et sa belle-sœur, il est alors arrêté avec RodolphusRabastan Lestrange
8%
JHommeIl est un élève de Poudlard dans la maison Gryffondor. Il devient batteur de l'équipe de Quidditch de Gryffondor suite à l'interdiction à vie de jouer au Quidditch de Fred et George Weasley prononcée par Dolores OmbrageJack Sloper
5%
QFemmeElle est une legilimens newyorkaise et la petite sœur de Porpentina G.Quennie Goldstein
5%
OFemmeElle est une élève de Poudlard des années 1940. C'est elle poussa mimi a aller dans les toilettesOlive Hornby
3%
WFemmeElle était une sorcière de sang pur, la fille de Pollux Black et Irma Crabbe et la sœur d'Alphard et Cygnus III. Elle a épousé Orion Black, son cousin au second degré. Le couple a eu deux fils : Sirius l'aîné et Regulus le cadet. Quand Regulus s'engagea chez les Mangemorts, ses parents furent très fiers de lui, bien qu'eux se contentèrent d'approuver Voldemort plutôt que de participer à ses horreurs. Elle a effacé Sirius de la tapisserie de la famille Black lorsqu'il a fugué du 12, square Grimmaurd pour aller chez les Potter. Son portrait est accroché au 12, square Grimmaurd et Kreattur l'a en adorationWalburga Black
3%
CHommeIl est l'aïeul des Gaunt et donc de Tom Jedusor. Il fut le premier possesseur de la Pierre de Résurrection, l'une des trois Reliques de la MortCadmus Perevell
0%
EHommeIl est un élève de Serdaigle. Il a eu neuf optimal au BUSEEddie Carmichael
0%
IHommeIl est l'aïeul de Harry et de James Potter. Il fut le premier possesseur de la Cape d'Invisibilité, l'une des trois Reliques de la Mort, et est enterré à Godric's HollowIgnotus Peverell
0%
UHommeIl était un élève de Serpentard, capitaine et poursuiveur de l'équipe de Quidditch de SerpentardUrquhart
0%
VFemmeElle est vendeuse dans la boutique de Fred et George WeasleyVerity
0%
YHommeIl est un sorcier de Sang-Pur, fils de Mustafa et de LaurenaYusuf Kama
0%
ZHommeIl est un élève de Poufsouffle dans les années 1990 et poursuiveur de l'équipe de Quidditch de Poufsouffle. Il est également membre de l'armée de Dumbledore mais il ne participe pas à la bataille de PoudlardZacharias Smith
0%

Distribution des résultats

Percentile par nombre de réponses

% des personnes avec chaque résultat

Votre développement - résultats

Vous n’avez pas pris ce quiz